000 00293nam a22001337a 4500
008 170628b xxu||||| |||| 00| 0 eng d
020 _a9780153012341
041 _aeng
080 _a82
100 _a22
101 _aGJL
245 _aTREASURY OF LITERATURES
_cFARR.R.C
942 _2udc
_cBK
999 _c19442
_d19442